Report on an enquiry into the conditions of labour in the cinema industry in Bombay State (Record no. 496151)

000 -LEADER
fixed length control field 00423cam a22001097a 4500
008 - FIXED-LENGTH DATA ELEMENTS--GENERAL INFORMATION
fixed length control field 180718b xxu||||| |||| 00| 0 eng d
082 ## - DEWEY DECIMAL CLASSIFICATION NUMBER
Classification number R6x5442 B639e
245 ## - TITLE STATEMENT
Title Report on an enquiry into the conditions of labour in the cinema industry in Bombay State
Statement of responsibility, etc. by Ministry of Information and Broadcasting
260 ## - PUBLICATION, DISTRIBUTION, ETC.
Place of publication, distribution, etc. Bombay
Name of publisher, distributor, etc. Government of Bombay
Date of publication, distribution, etc.
300 ## - PHYSICAL DESCRIPTION
Extent 90p
700 ## - ADDED ENTRY--PERSONAL NAME
Personal name Maharashtra. Ministry of Information and Broadcasting
Holdings
Withdrawn status Lost status Damaged status Not for loan Permanent Location Current Location Date acquired Full call number Barcode Date last seen Price effective from Koha item type
        Indian Institute of Public Administration Indian Institute of Public Administration 2018-08-04 R6x5442 B639e G675 2018-08-04 2018-08-04 G

Powered by Koha